It looks like you're offline.
Open Library logo
additional options menu

MARC record from Internet Archive

LEADER: 01241cam 2200361Mi 4500
001 on1145740210
003 OCoLC
005 20220823164438.0
008 050726s2005 ilu e 000 0 eng d
040 $aN8V$beng$cN8V$dOCLCO$dOCLCQ$dOCLCF$dC6D$dOCLCO
020 $a1930367759
020 $a9781930367753
035 $a(OCoLC)1145740210
050 00 $aLC368
082 04 $a377/.1$221
245 00 $aWeighed in the balance and found wanting :$bthe failure of public schools, the need for Christian education /$c[editor, Paul D. Lindstrom].
250 $aRev. ed.
260 $aArlington Heights, Ill. :$bChristian Liberty Press$c1996.
300 $a35 pages ;$c22 cm `
336 $atext$btxt$2rdacontent
337 $aunmediated$bn$2rdamedia
338 $avolume$bnc$2rdacarrier
650 0 $aChurch and education.
650 0 $aPublic schools.
650 0 $aChristian education.
650 6 $aÉglise et éducation.
650 6 $aÉcoles publiques.
650 7 $aChristian education.$2fast$0(OCoLC)fst00859019
650 7 $aChurch and education.$2fast$0(OCoLC)fst00860476
650 7 $aPublic schools.$2fast$0(OCoLC)fst01082942
700 1 $aLindstrom, Paul D.
994 $aZ0$bIME
948 $hNO HOLDINGS IN IME - 2 OTHER HOLDINGS